MARC

LEADER 00000nam0a2200000 4500
001 20902
005 20231101205403.0
010 |a 5211020685 
035 |a (RuTPU)RU\TPU\book\21092 
035 |a BOOK00000077 
090 |a 20902 
100 |a 20011209d1994 m y0rusy50 ca 
101 0 |a rus 
102 |a RU 
105 |a y j 000zy 
200 1 |a История математики  |e учебник  |f К. А. Рыбников 
210 |a Москва  |c Изд-во МГУ  |d 1994 
215 |a 496 с. 
606 1 |a Математика  |x История  |2 stltpush  |3 (RuTPU)RU\TPU\subj\67385  |9 83209 
610 1 |a история 
610 1 |a геометрия 
610 1 |a алгебра 
610 1 |a числа 
610 1 |a математический анализ 
610 1 |a дискретная математика 
610 1 |a математическая статистика 
610 1 |a Россия 
675 |a 51(09)  |v 3 
700 1 |a Рыбников  |b К. А.  |g Константин Алексеевич 
801 0 |a RU  |b 63413507  |c 20011209  |g PSBO 
801 2 |a RU  |b 63413507  |c 20230628  |g PSBO 
942 |c BK